01022nam a22001577a 4500008004100000020001800041050001500059110001100074245006500085260003400150300002100184440003900205500002000244505058000264650002000844140923b xxu||||| |||| 00| 0 eng d a9780409044188 aKRX856.A28 aGhana. aAccountancy, business and finance: commercial law. /cGhana. aDurban :bLexis Nexis,c2008. a700 p. :c24 cm. pGhana legislation handbook series. aIncludes index. aContents: Bodies Corporate (Official Liquidations) Act, 180 of 1963 -- Chartered Accountants Act, 170 of 1963 -- Companies Act, 179 of 1963 -- Confiscated Assets (Recovery and Disposal) Committee Act, A. F. R. C. D. 25 of 1979 -- Copyright Act 690 of 2005 -- Hire-Purchase Act, N. R. C. D. 292 of 1974 -- Incorporated Private Partnerships Act, 152 of 1962 -- Insolvency Act, 708 of 2006 -- Insurance Act, 724 of 2006 -- Internal Revenue Act, 592 of 2000 -- Registration of Business Names Act, 151 of 1962 -- Sale of Goods Act, 137 of 1962 -- Value Added Tax Act, 546 of 1988. aCommercial law.